Original Five MTV Veejays Quiz Stats

 Plays Quiz Updated Oct 11, 2013

     
Support Sporcle.
Go Orange.
Score 0/5 Timer 02:00
0 Plays Today
% Correct
Martha Quinn
89.3%
JJ Jackson
67.1%
Nina Blackwood
62.9%
Mark Goodman
56.5%
Alan Hunter
55.7%

From the Vault

Progressively Harder South American Flags

by triviauser15

With only 12 countries, this might be one of your better chances at getting 100% on a flag quiz.
Remove Ads.
Support Sporcle.
Get the best of Sporcle when you Go Orange. This ad-free experience offers more features, more stats, and more fun while also helping to support Sporcle. Thank you for becoming a member.

Show Comments

Extras

Top Quizzes Today


Score Distribution

Your Account Isn't Verified!

In order to create a playlist on Sporcle, you need to verify the email address you used during registration. Go to your Sporcle Settings to finish the process.

Report this User

Report this user for behavior that violates our Community Guidelines.

Details: